Handbook of food analytical chemistry

Αποθηκεύτηκε σε:
Λεπτομέρειες βιβλιογραφικής εγγραφής
Μορφή: Βιβλίο
Γλώσσα:Undetermined
Έκδοση: New Jersey John Wiley and Sons, Inc. 2005
Θέματα:
Ετικέτες: Προσθήκη ετικέτας
Δεν υπάρχουν, Καταχωρήστε ετικέτα πρώτοι!
Thư viện lưu trữ: Trung tâm Học liệu Trường Đại học Cần Thơ
LEADER 00512nam a2200193Ia 4500
001 CTU_93933
008 210402s9999 xx 000 0 und d
020 |c 145.45 
082 |a 664.07 
082 |b H236 
245 0 |a Handbook of food analytical chemistry 
245 0 |c Ronald E. Wrolstad ... [et al.] 
260 |a New Jersey 
260 |b John Wiley and Sons, Inc. 
260 |c 2005 
650 |a Food 
650 |x Analysis 
904 |i Trúc 
980 |a Trung tâm Học liệu Trường Đại học Cần Thơ